Cultura general por letra - K - Estadísticas

Estadísticas generales
  • Esta prueba ha sido intentada 3.880 veces
    2.959 desde el último reinicio
  • La puntuación promedio es 14 de 20
Estadísticas de respuestas
Pista Respuesta % Correcto
Contraparte masculina de la muñeca Barbie Ken
99%
Arte marcial japonés Karate
96%
Medida de peso que equivale a 1000 gramos Kilogramo
95%
País africano conocido por las jirafas Kenia
93%
Animal australiano que come eucalipto Koala
92%
Creencia de que las acciones de una persona tienen consecuencias Karma
91%
Palabra japonesa, que refiera a cantar con pistas de canciones Karaoke
89%
Prenda japonesa, su vestido nacional Kimono
89%
Fruta verde con semilla, o un tipo de ave Kiwi
89%
Nombre de pila del rapero "Ye West" Kanye
77%
País en Oriente Medio Kuwait
77%
Unidad de temperatura que establece el punto cero en el cero absoluto Kelvin
75%
Niño protagonista de las películas "Home Alone" Kevin McCallister
70%
Platillo de Medio Oriente, similar a un burrito Kebab
68%
Sirve como lugar del trabajo del presidente ruso Kremlin
62%
Canoa de pesca usada por los esquimales Kayak
55%
Capital de Nepal Katmandú
54%
Empresa estadounidense conocida por sus cámaras Kodak
49%
Construcción común en los parques, formada por varios pilares y un techo Kiosko
25%
Marca de pegamento instantáneo KolaLoka
8%
No se encontraron pruebas coincidentes
Distribución de puntuación
Porcentaje de gente con cada puntuación
Porcentaje por número respondido
Historial de tus puntuaciones
No has intentado esta prueba desde el último reinicio